[Event "Turnier 40 / 120"]
[Site "Wien"]
[Date "2022.05.18"]
[Round "17"]
[White "Mephisto Magellan SH7034 - 20 MHZ"]
[Black "Mephisto Lyon 68020 - 12 MHZ"]
[Result "1-0"]
[BlackElo "2180"]
[WhiteElo "2231"]

{Analysetool -----> Komodo 12.1.1.} 1. e4 c5 2. d3 {Buchende} Nc6
{Buchende} 3. Nf3 {Buchbewertung Mephisto Magellan: +0,2} Nf6
{Buchbewertung Mephisto Lyon 68020: -0,12 / lt. Komodo ist die Stellung
exakt ausgeglichen, 0,00} 4. Nbd2 {dieser Zug ist zwar keine Katastrophe
mutet aber für mich trotzdem merkwürdig an, warum den Läufer verstellen,
was spricht gegen Sc3 ?, Komodo +0,30 für Schwarz mit der Fortsetzung d5}
d5 5. exd5 Nxd5 6. Be2 Nf4 7. O-O Bg4 8. Nd4 Nxe2+ 9. Nxe2 e6 10. f3 Bf5
11. Nc4 Be7 12. Ne3 Bg6 13. Nf4 Qc7 14. Nc4? {ein ganz schwacher Zug,
danach ist Schwarz bereits sehr klar im Vorteil, Komodo +1,20 mit der
Fortsetzung b5, deutlich besser ist g3 mit ca. +0,40 für Schwarz, lt.
Stockfish 15 kann Weiss die Partie bereits aufgeben, -2,60} b5! {Mephisto
Lyon 68020 sieht sich bereits klar im Vorteil: +0,90} 15. Na3 {Mephisto
Magellan nur -0,1 ?} c4 {etwas schwächer als a6, Komodo +0,90 für Schwarz}
16. Kh1? {dieser Zug verliert bereits klar die Partie nötig war natürlich
dxc4, Komodo +1,60 mit der Fortsetzung a6} Bxa3 {klar schwächer als a6,
Komodo +1,00} 17. bxa3 Rd8 {etwas schwächer als 0-0, Komodo +0,70} 18. Rb1
a6 19. a4 b4! {natürlich richtig, ganz schlecht wäre das von Mephisto
Magellan erwartete bxa4 gewesen, danach wäre die Stellung bereits im Lot
gewesen} 20. Qe2 Nd4 {weniger gut, Komodo +0,60, klar besser ist 0-0 mit
ca. +1,00} 21. Qf2 cxd3 {besser ist a5, die Stellung nähert sich dem
Ausgleich, Komodo nur noch +0,20 für Schwarz} 22. cxd3 a5 23. Be3 {weniger
gut, Ausgleich hätte a3 bereits gebracht, nach dem Textzug ist Schwarz
wieder etwas im Vorteil, Komodo +0,50} Qd6 24. Rbc1 Nf5? {Mephisto Lyon
68020: +0,57 in der Erwartung von Tc5, das ist allerdings ein ganz
schlechter Zug, der die Partie auf den Kopf stellt, danach ist Weiss
bereits sehr klar im Vorteil, Komodo +1,30 mit der Fortsetzung Lb6, nötig
war natürlich 0-0} 25. Bb6! {Mephisto Magellan: +0,6, findet den richtigen
Zug, der von Mephisto Lyon 68020 erwartete Zug Tc5 hätte nichts für Weiss
gebracht, danach wäre Schwarz etwas besser gestanden.} Qxf4? {dieser Zug
verbietet sich, danach ist bereits alles verloren für Schwarz, Komodo
-2,60, deutlich mehr Widerstand bot Ta8 mit ca. -1,40} 26. Bxd8 Kxd8?
{Mephisto Lyon 68020: +0,56 ahnt hier noch nichts böses, der Läufer darf
nicht genommen werden, das beschleunigt noch extrem den Untergang, Komodo
-5,30, deutlich besser ist noch 0-0 mit ca. -2,60} 27. Qa7! {der richtige
Zug, Weiss ist auf Kurs} Re8 {und Mephisto Lyon 68020: -0,42 / setzt noch
einen drauf, Komodo -11,00, mehr Widerstand bot noch Dd4 verliert aber
natürlich auch schon mit -5,50} 28. Rc4! {Mephisto Magellan: +5,6} Qxc4 29.
dxc4 {Userentscheid: 1-0 / eine unnötige Niederlage für Mephisto Lyon
68020, wo er zunächst klar im Vorteil war, dem Gegner den Ausgleich
ermöglichte und schliesslich am Ende völlig den Überblick verlor und auch
das Remis noch in den Sand setzte.} 1-0
[/pgn]

[pgn]

[Event "Turnier 40 / 120"]
[Site "Wien"]
[Date "2022.05.19"]
[Round "18"]
[White "Mephisto Lyon 68020 - 12 MHZ"]
[Black "Mephisto Magellan SH7034 - 20 MHZ"]
[Result "1/2-1/2"]
[BlackElo "2231"]
[WhiteElo "2180"]

{Analysetool ------> Komodo 12.1.1.} 1. e4 c5 2. Nf3 Nc6 3. Bb5 e6 4. O-O
Nge7 {Buchende} 5. Re1 {Buchende} g6 {Buchbewertung Mephisto Magellan:
-0,5} 6. d4 {Buchbewertung Mephisto Lyon 68020: +0,21 / lt. Komodo steht
Weiss etwas besser mit ca. +0,40} cxd4 7. Nxd4 Bg7 8. Be3 O-O 9. Nc3 a6 10.
Ba4 b5 11. Bb3 d6 12. Nxc6 Nxc6 13. Qd2 Qc7 14. Red1 Rd8 15. Bh6 Be5 16.
Bf4 Bb7 17. Bxe5 {weniger gut, Komodo +0,80 für Schwarz mit der Fortsetzung
dxe5, deutlich besser ist De3 mit Ausgleich} dxe5 18. Qe3 Nd4 19. a3 a5 20.
Rac1? {ein ganz schwacher Zug, danach ist die Partie bereits verloren,
Komodo +2,30 mit der Fortsetzung a4} b4? {ebenfalls ganz schwach, Magellan
verpasst die Gewinnchance, Komodo +0,90 für Schwarz} 21. axb4 axb4 22. Na2?
{klar schwächer als Se2, Komodo +1,60 mit der Fortsetzung Da5} Nxb3? {auch
nicht das gelbe vom Ei, Komodo +1,00} 23. Qxb3 Bxe4 24. Nxb4 Qb7 25. Rxd8+
Rxd8 26. f3 Qb6+ 27. Kh1 Bxc2 28. Qc3 Ba4 {klar schwächer als Lf5, Komodo
+0,70 für Schwarz} 29. Nd3 f6 {auch nicht ideal, etwas besser war Db3 oder
e4, Komodo nur noch +0,20 für Schwarz} 30. Nc5 Bb5 31. Ne4 Kf7 32. h3 Rd7
33. Qc8 Kg7 {die Stellung ist im Lot, Komodo 0,00} 34. Kh2 f5 35. Nc5 Re7
36. Nb3 e4 {dieser Vorstoss ist verfrüht und bringt Schwarz gar nichts,
Komodo 0,00, etwas besser war g5 mit ca. +0,50 für Schwarz} 37. Qc3+ Kf7
38. fxe4 fxe4 39. Qb4 Qb8+ 40. Kh1 e3 41. Rf1+ Kg8 42. Qxe7 Bxf1 43. Qxe6+
Kg7 44. Qxe3 Qb7 45. Qe5+ Kg8 46. Qe6+ Kg7 47. Qe5+ Kg8 48. Qe6+ Kg7 49.
Qe5+ {Stellungswiederholung} 1/2-1/2
[/pgn]

[pgn]

[Event "Turnier 40 / 120"]
[Site "Wien"]
[Date "2022.05.20"]
[Round "19"]
[White "Mephisto Magellan SH7034 - 20 MHZ"]
[Black "Mephisto Lyon 68020 - 12 MHZ"]
[Result "1/2-1/2"]
[BlackElo "2180"]
[WhiteElo "2231"]

{Analysetool ------> Komodo 12.1.1.} 1. Nf3 d5 2. c4 c6 3. d4 Nf6 4. Nc3
dxc4 5. a4 Na6 6. e3 Bg4 7. Bxc4 e6 8. O-O Nb4 9. Qe2 {Buchende} Be7
{Buchende} 10. b3 {Buchbewertung Mephisto Magellan: 0,0} O-O {Buchbewertung
Mephisto Lyon 68020: +0,12 / lt. Komodo ist die Stellung etwa gleich} 11.
Bb2 Qd6 12. Ba3 Rad8 13. Rad1 Qc7 14. Rc1 a6 15. Rfd1 Bh5 16. h3 Nd3 17.
Ra1 Bxa3 18. Rxa3 Nb4 19. Raa1 c5 20. Rac1 cxd4 21. exd4 Qd6 22. g4 Bg6 23.
Ne5 Nbd5 24. Nxg6 hxg6 25. Ne4 Nxe4 26. Qxe4 Rd7 27. Qf3? {ein schwacher
Zug, danach steht Schwarz klar besser, Komodo +0,90 mit der Fortsetzung
Sb4, nach Lxd5 wäre die Stellung exakt im Lot gewesen} Rfd8? {verspielt den
Vorteil wieder, die Stellung ist wieder im Lot mit der Fortsetzung Lxd5}
28. Rc2? {ein schlechter Zug, danach steht Schwarz wieder klar besser,
Komodo +1,10 mit der Fortsetzung Sf4} Nf4 29. Bf1 Rc7 {besser ist g5,
Komodo +0,60} 30. Rxc7 {besser ist Tdc1, Komodo +0,70 für Schwarz} Qxc7 31.
h4 {besser ist De3, Komodo +1,00 für Schwarz} Qc2 {etwas besser ist Sd5,
Komodo +0,70 für Schwarz} 32. Bc4 g5? {nicht optimal, verspielt den
gesamten Vorteil, Komodo 0,00 mit der Fortsetzung hxg5} 33. hxg5 Nh3+ 34.
Kf1 Nxg5 35. Qd3 Qxd3+ 36. Rxd3 Ne4 37. d5 Nc5 38. Rd4 b6 39. f3 Kf8 40.
Rd1 Rd6 41. Ke2 exd5 42. Rxd5 Rxd5 43. Bxd5 Ke7 44. Bc4 a5 45. Ke3 g5 46.
Kd4 f6 47. Kd5 Kd7 48. Bb5+ Kc7 49. Bc4 Kd7 50. Bb5+ Kc7 51. Bc4 Kd7
{Stellungswiederholung} 1/2-1/2
[/pgn]

[pgn]

[Event "Turnier 40 / 120"]
[Site "Wien"]
[Date "2022.05.21"]
[Round "20"]
[White "Mephisto Lyon 68020 - 12 MHZ"]
[Black "Mephisto Magellan - SH7034 - 20 MHZ"]
[Result "0-1"]
[BlackElo "2231"]
[WhiteElo "2180"]

{Analysetool -------> Komodo 12.1.1.} 1. e4 c5 2. c3 d5 3. exd5 Qxd5 4. d4
e6 5. Nf3 Nf6 6. Na3 Qd8 {Buchende} 7. Nc2 {Buchende} cxd4 {Buchbewertung
Mephisto Magellan: 0,0} 8. Ncxd4 {Buchbewertung Mephisto Lyon 68020: +0,24
/ lt. Komodo steht Weiss etwas besser mit ca. +0,30} Bc5 9. Bg5 O-O 10. Bb5
e5 11. Nxe5 Qd5 {die Stellung ist im Lot, Komodo 0,00} 12. Bxf6 Bxd4 13.
Qxd4 Qxb5 14. Bh4 {Lxg7 !! hätte zum sicheren Remis geführt und wurde auch
von Mephisto Magellan mit einer Bewertung von 0,0 erwartet !, aber auch
nach dem Textzug ist die Stellung im Lot, Komodo 0,00} Qxb2 15. O-O Nc6 16.
Nxc6 bxc6 17. Be7 Re8 18. Rfb1 Qc2 19. Qc5 Be6 20. a3 Bd5 21. f3 a6 22. Rb4
Rab8 23. a4 Qd2 24. Kh1? {ist keine Katastrophe dieser Zug, aber als
sinnvoll auch nicht zu bezeichnen, Komodo +0,70 für Schwarz mit der
Fortsetzung h6, besser ist Dd4} Rxb4 25. cxb4 {besser ist Dxb4, Komodo
+1,10 mit der Fortsetzung h5} f6 {deutlich schwächer als h6 oder h5} 26.
h3? {ein absoluter Verlustzug, danach ist die Partie sofort verloren,
Komodo +3,00 mit der Fortsetzung De2} h6? {Magellan verpasst die sofortige
Gewinnmöglichkeit, Komodo -1,00 mit der Fortsetzung b5} 27. Qa7? {ein
schwacher Zug, der den folgen Einschlag Lxf3 übersieht, Komodo -1,50 (auch
Mephisto Magellan hatte diesen Zug erwartet, allerdings sieht er dann
gleich den Fehler in seiner nächsten Bewertung, wenn er selbst dran gewesen
wäre hätte er das wahrscheinlich nicht gezogen).} Bxf3! {Mephisto Magellan:
+1,4} 28. gxf3 Qe2 {Komodo +1,60 mit der Fortsetzung Dg1 / Stockfish 15
sieht das bereits mit +5,00} 29. Bc5? {das verliert sofort, Komodo -7,50}
Qxf3+ {Mephisto Magellan: +2,8} 30. Kg1 {Mephisto Lyon 68020: -1,12} Re5
31. h4 {es spielt keine Rolle mehr, aber dieser Zug ist nochmals um ganze
10 Bauerneinheiten !!! schlechter als Db8+ / Komodo -17,50} Re4 32. Bf2
Rg4+ 33. Kf1 Rxh4 34. Ke1 Re4+ 35. Be3 Rxe3+ 36. Qxe3 {Komodo Matt in 20 /
Mephisto Lyon 68020: -12,8 -------> aufgegeben !} 0-1
[/pgn]

[pgn]

[Event "Turnier 40 / 120"]
[Site "Wien"]
[Date "2022.05.21"]
[Round "21"]
[White "Mephisto Magellan SH7034 - 20 MHZ"]
[Black "Mephisto Lyon 68020 - 12 MHZ"]
[Result "0-1"]
[BlackElo "2180"]
[WhiteElo "2231"]

{Analysetool -------> Komodo 12.1.1.} 1. c4 c6 2. d4 d5 {Buchende} 3. e3
Nf6 4. Nc3 g6 {Mephisto Lyon 68020 wieder im Buch} 5. Nf3 Bg7 6. Bd3 O-O 7.
O-O {Buchende} Bg4 8. cxd5 {Buchbewertung Mephisto Magellan: 0,0} Bxf3 9.
Qxf3 cxd5 {Buchende} 10. b3 Nc6 {Buchbewertung Mephisto Lyon 68020: +0,03 /
lt. Komodo ist die Stellung etwa gleich} 11. Ba3 Qa5 12. Na4 Rfc8 13. Qe2
e5 14. dxe5 Nxe5 15. Bb2 Ne4 16. Rfd1 Rc7 17. Bb5? {ein sinnloser Zug, dort
kann der Läufer sofort mittels a6 angegriffen werden und der Rückzug nach
d3 verbietet sich, scheitert an b5 und Schwarz gewinnt, hier geht nur noch
Txd5, Komodo +0,60 für Schwarz} Rac8 {Mephisto Lyon 68020 kommt nicht auf
a6, nach dem Textzug ist Schwarz knapp inm Vorteil mit ca. +0,30} 18. Rxd5
Rc2 19. Qe1 Qc7 20. f4 a6 21. Be2? {Mephisto Magellan: +1,6, unterliegt
hier einer klaren Fehleinschätzung, ein schwacher Zug, danach ist Schwarz
klar im Vorteil, Komodo +1,00 mit der Fortsetzung Txb2, nötig war Lxe5}
Nd7? {Mephisto Lyon 68020 kann die Chance nicht nützen, nach dem Textzug
ist die Stellung wieder im Lot (auch Mephisto Magellan hatte Sd7 erwartet)}
22. Bxg7 Kxg7 23. Rd4 {besser ist Ld1, Komodo +0,50 für Schwarz mit der
Fortsetzung S7f6} Ndf6 24. Bd3 {die nächste Ungenauigkeit, danach steht
Schwarz bereits klar besser, Komodo +0,90 mit der Fortsetzung Tc1, deutlich
besser ist Tc4} Rc1 25. Rxc1 Qxc1 26. Qxc1 {ein absoluter Verlustzug,
danach ist die Partie verloren, Komodo -2,40, deutlich mehr Widerstand
leistet natürlich Kf1 mit ca. +0,90 für Schwarz} Rxc1+ 27. Bf1 b5!
{richtig, Komodo +2,60} 28. Nb6? {etwas besser ist noch g4, verliert aber
auch schon, Komodo -3,20} Nc3 29. Rd3 Nxa2? {halbiert den Vorteil von
Schwarz, sofort gewonnen hätte S6e4, Komodo +1,60 für Schwarz (auch
Magellan hat Sxa2 erwartet).} 30. Nd5 Nxd5 31. Rxd5 Rb1 {wieder eine
Ungenauigkeit, jetzt muss Schwarz bald wieder aufpassen, dass er das nicht
noch verspielt, Komodo +1,10, deutlich stärker war Sc3} 32. Rd3 Rb2 33. e4?
{deutlich schwächer als Td6, Komodo -1,40 mit der Fortsetzung Sc1} Nc1 34.
Rd6 Nxb3 35. Rxa6 Rb1 36. Rd6 b4 37. Rd5? {das verliert bereits klar,
deutlich mehr Widerstand bot Kf2, Komodo -2,20 mit der Fortsetzung Tc1} Rc1
38. Kf2 {leider aus Sicht des Magellan zu spät, das rettet nichts mehr,
Komodo -2,50} Nc5 39. Rd4 b3 40. Rb4 {Mephisto Magellan hat noch keine
Ahnung von der Niederlage, Bewertung: -0,2 ??} Rc2+ {Mephisto Lyon 68020:
+1,00 / Komodo +2,60} 41. Ke3 b2 42. Kd4 {Mephisto Magellan: -0,3 in
Erwartung von Se6+, aber der Mephisto Lyon 68020 pfeifft ihm was und macht
den richtigen Gewinnzug.} Rc1! 43. Bc4 {etwas mehr Widerstand leistet noch
Txb2 ist aber auch schon hoffnungslos, so gesehen verständlich, dass es der
Magellan abkürzen will, LOL.} b1=Q 44. Rxb1 Rxb1 45. Kxc5 Rb2
{Userentscheid: 0-1} 0-1
[/pgn]

[pgn]

[Event "Turnier 40 / 120"]
[Site "Wien"]
[Date "2022.05.22"]
[Round "22"]
[White "Mephisto Lyon 68020 - 12 MHZ"]
[Black "Mephisto Magellan SH7034 - 20 MHZ"]
[Result "0-1"]
[BlackElo "2231"]
[WhiteElo "2180"]

{Analyse ------> Komodo 12.1.1.} 1. e4 Nf6 2. Nc3 e5 3. Nf3 Nc6 4. Bb5
{Buchende} a6 5. Bxc6 {Buchbewertung Mephisto Lyon 68020: +0,54} dxc6 6.
Nxe5 Nxe4 7. Nxe4 Qd4 8. O-O Qxe5 {Buchende} 9. d4 Qf5 {Buchbewertung
Mephisto Magellan: -0,6 lt. Komodo steht Weiss etwas besser mit ca. +0,50}
10. Re1 Be6 11. Bg5 Bd6 12. Qe2 h6 13. Bh4 Qg6 14. f3 O-O 15. Nxd6 cxd6 16.
Be7 {weniger gut, Komodo +0,50 für Schwarz mit der Fortsetzung Tfe8, besser
ist Dd2 mit leichtem Vorteil für Weiss} Rfe8 17. Bxd6 {etwas besser ist
Lh4} Bd5 18. Qxe8+ {ein schwacher Zug, danach ist Schwarz bereits klar im
Vorteil, Komodo +1,40, nach Le7 wäre die Stellung im Lot gewesen} Rxe8 19.
Rxe8+ Kh7 20. c4 Qxd6? {das ist allerdings nicht die richtige Fortsetzung,
Komodo +0,70 für Schwarz, deutlich stärker ist Lxf3} 21. cxd5 Qxd5 22. Re2
Qxd4+ 23. Kf1 Kg6 24. h3 f5 25. Rc1 Kg5 26. Rcc2? {klar schwächer als b3,
was Mephisto Lyon 68020 leider im letzten Augenblick verworfen hat, danach
steht Schwarz bereits klar besser, Komodo +1,30 mit der Fortsetzung Kh4}
Kf4? {klar schwächer als Kh4, Komodo -0,90 mit der Fortsetzung Ted2} 27.
Rcd2? {deutlich besser ist Ted2, Komodo +1,30 mit der Fortsetzung Dc4} Qb6?
{ein schwieriges Endspiel für beide Geräte, die hier beide nicht die
idealen Züge finden, Komodo -0,70, hier beende ich vorläufig die
Kommentierung.} 28. Rd7 g5 {Komodo +0,60 für Schwarz / lt. Stockfish 15 ist
die Stellung bereits im Lot 0,00} 29. Ke1? Qg1+ 30. Kd2 Qb1 31. Rxb7 Qxa2
32. Kc3 c5 33. Rbe7 a5 34. b3? {ein ganz schwacher Zug, danach ist Schwarz
klar im Vorteil, Komodo +1,60, nötig war Kc2 und alles ist OK für Weiss}
Qa1+ 35. Kc4? {ein spielentscheidender Fehler, danach ist nichts mehr zu
retten für Weiss, Komodo -3,20 mit der Fortsetzung Dd4+, deutlich mehr
Widerstand bot Kc2 mit ca. -1,50} Qd4+ 36. Kb5 Qb4+ 37. Ka6 a4? {eindeutig
der falsche Bauer, c4 wird von Komodo bereits mit +4,50 bewertet, der
Textzug hingegen mit "nur" +2,80 sollte aber natürlich ebenfalls gewinnen}
38. bxa4 Qxa4+? {ein ganz schwacher Zug, gewonnen hätte c4, Komodo sieht
hier noch einen Vorteil von +2,00 für Schwarz lt. Stockfish 15 hat Schwarz
damit bereits den Sieg verschenkt, der sieht nur noch ganz geringen Vorteil
von ca. +0,40} 39. Kb6 c4 40. Ra7 Qb4+ 41. Kc6 c3 42. Raa2 {damit ist dann
wohl das Remis besiegelt, da gibt es kein Durchkommen mehr für den
schwarzen Bauern, aus mir unerklärlichen Gründen sieht Komodo 12.1.1. hier
immer noch einen Vorteil von +1,87 ??? für Schwarz und das noch dazu im 42.
HZ nach 10 Minuten Bedenkzeit ???, lt. Stockfish 15 ist es gerade mal
+0,40, lt. meiner Meinung ist es damit bereits 100 % Remis, wie soll
Schwarz da noch durchkommen ?, also Komodo kann ich nicht verstehen.} Qc4+
43. Kd6 {Stockfish 15: 0,00 Komodo 12.1.1 +1,85 ??} h5 44. Rac2 g4 45. hxg4
{Komodo 12.1.1. immer noch +1,00 ???} hxg4 46. fxg4 fxg4 47. Ke7 Qc5+ 48.
Ke6 g3 49. Kd7 Kf5 50. Ke8? {ein spielentscheidender Fehler, danach ist die
Partie sofort verloren, Komodo +12,00 mit der Fortsetzung Dc8+} Qc6+? {doch
Magellan kann die Chance nicht nützen, die Partie ist wieder Remis} 51.
Kf7? {doch es folgt sogleich der nächste absolute Verlustzug, Komodo +10,00
mit der Fortsetzung Dc7+, nötig war Kd8} Qc7+ 52. Re7 Qc4+ 53. Kg7 Qd4+ 54.
Kf8 Kf6 55. Rf7+ Kg6 56. Re2 c2 57. Re6+ Kg5 58. Rc6 Qh8+ 59. Ke7 Qe5+ 60.
Kf8 Qb8+ 61. Kg7 Qb2+ 62. Kg8 c1=Q 63. Rxc1 Qxc1 64. Rg7+ Kf6 65. Rf7+ Ke6
66. Ra7 Qf1 67. Ra2 Qf7+ 68. Kh8 Qb7 69. Ra4 {Mephisto Lyon 68020: -10,4
-----> aufgegeben} 0-1
[/pgn]

[pgn]

[Event "Turnier 40 / 120"]
[Site "Wien"]
[Date "2022.05.23"]
[Round "23"]
[White "Mephisto Magellan SH7034 - 20 MHZ"]
[Black "Mephisto Lyon 68020 - 12 MHZ"]
[Result "1-0"]
[BlackElo "2180"]
[WhiteElo "2231"]

1. e3 {Analyse -------> Komodo 12.1.1.} e5 2. d4 exd4 {Buchende} 3. exd4 d5
4. Bd3 Nc6 {Mephisto Lyon 68020 wieder im Buch} 5. Ne2 {Buchende} Nb4 6.
Bb5+ {Buchbewertung Mephisto Magellan: 0,0} c6 {Buchbewertung Mephisto Lyon
68020: -0,06 / lt. Komodo ist die Stellung etwa gleich} 7. Ba4 Bd6 8. c3
Na6 9. Bf4 Nf6 10. Bxd6 Qxd6 11. Bc2 O-O 12. O-O Bg4 13. Re1 Bxe2 14. Rxe2
Ng4 15. g3 Nf6 16. Nd2 Nc7 17. Nf1 Rae8 18. Ne3 Nb5 19. Qd2 Ne4 20. Qd3 Nc7
21. Rae1 Qg6 22. Qd1 Qh5 23. Ng2 f5 24. Nf4 Qg5 25. Nd3 Nb5 26. Qa1? {ohne
Worte} Qh5? {ein schwacher Zug, danach steht Weiss klar besser, Komodo
+1,30 mit der Fortsetzung Sf4, nach Sbd6 steht Weiss nur unwesentlich
besser} 27. Bd1? {auch nicht gerade das Gelbe vom Ei, Komodo +0,40 für
Weiss} Qg5 28. Bb3 Qg4 29. Re3 Qg5 30. Qd1 {die Dame kehrt reumütig zurück,
woher sie kam} Kh8 31. Nf4 Nc7 32. Bc2 {klar schwächer als f3, die Stellung
ist in etwa im Lot} Rf6? {ein ganz schwacher Zug, der die Partie praktisch
schon verliert, Komodo +1,70 mit der Fortsetzung h4 oder f3} 33. f3 Nd6 34.
Rxe8+ Ncxe8? {eindeutig der falsche Springer, mehr Widerstand leistet
Sdxe8, Komodo -2,20} 35. Qe2! {richtig !, Mephisto Magellan: +1,1} h6
{Mephisto Lyon 68020: -1,00} 36. Ne6! {wieder richtig, Mephisto Magellan:
+1,5} Qh5 {Mephisto Lyon 68020: -1,45} 37. Nd8 Kg8 {besser ist noch Tf8,
Komodo -3,10} 38. Nxb7 {Mephisto Magellan ist schon siegessicher: +2,4} f4
{auch das ist nicht ideal, Mephisto Lyon 68020 hat den Überblick verloren,
Komodo -4,20, besser ist noch Df7} 39. g4! {Mephisto Magellan: +2,9, macht
in dieser taktisch geprägten, komplizierten Stellung alles richtig,
deutlich schwächer ist das von Mephisto Lyon 68020 erwartete gxf4} Qf7
{Mephisto Lyon 68020: -2,21} 40. Nd8 Qd7 41. Qe7 Qxe7 42. Rxe7 Kf8 43. Rxa7
{ein 2. Mehrbauer für Weiss und die aktivere Figurenstellung, da ist
natürlich nichts mehr zu retten für Schwarz, Komodo -5,00} Nc4 44. b3 Ncd6
45. a4 Nc8 46. Ra8 Ne7 47. a5 Rd6 48. a6 Nc7 49. Ne6+ Kf7 50. Nxc7 1-0
[/pgn]

[pgn]